[Event "EU-ch blitz"]
[Site "Tallinn"]
[Date "2016.12.18"]
[Round "25"]
[White "Kulaots, Kaido"]
[Black "Putka, Verner"]
[Result "1-0"]
[WhiteElo "2556"]
[BlackElo "2307"]
[PlyCount "59"]
[EventDate "2016.12.17"]
[EventType "swiss (blitz)"]
[EventRounds "26"]
[EventCountry "EST"]
[SourceTitle "CBM 176 Extra"]
[Source "ChessBase"]
[SourceDate "2017.03.02"]
[SourceVersion "1"]
[SourceVersionDate "2017.03.02"]
[SourceQuality "1"]

1. e4 e5 2. Nf3 Nf6 3. Nxe5 d6 4. Nf3 Nxe4 5. d4 d5 6. Bd3 Nc6 7. 0-0 Be7 8. c4 Nb4 9. Be2 0-0 10. Nc3 Be6 11. Ne5 f6 12. Nf3 Kh8 13. a3 Nxc3 14. bxc3 Nc6 15. cxd5 Bxd5 16. Re1 Rb8 17. Bd3 b5 18. Nh4 Bf7 19. Qf3 Rb6 20. Qh3 Kg8 21. Bh6 g6 22. Bxf8 Bxf8 23. Qf3 Na5 24. g3 Nc4 25. a4 a6 26. axb5 axb5 27. Ra8 Qd6 28. Qg4 Ra6 29. Nf5 Qc6 30. Ne7+ 1-0

[Event "EU-ch blitz"]
[Site "Tallinn"]
[Date "2016.12.18"]
[Round "22"]
[White "Potkin, Vladimir"]
[Black "Putka, Verner"]
[Result "1/2-1/2"]
[WhiteElo "2597"]
[BlackElo "2307"]
[PlyCount "117"]
[EventDate "2016.12.17"]
[EventType "swiss (blitz)"]
[EventRounds "26"]
[EventCountry "EST"]
[SourceTitle "CBM 176 Extra"]
[Source "ChessBase"]
[SourceDate "2017.03.02"]
[SourceVersion "1"]
[SourceVersionDate "2017.03.02"]
[SourceQuality "1"]

1. c4 Nf6 2. Nc3 c5 3. Nf3 b6 4. d4 cxd4 5. Nxd4 Bb7 6. f3 e6 7. e4 d6 8. Be2 Be7 9. 0-0 0-0 10. Be3 Nbd7 11. Qd2 a6 12. Rac1 Rc8 13. Rfd1 Qc7 14. Bf1 Qb8 15. Kh1 Kh8 16. a3 Rg8 17. b4 h6 18. Nb3 g5 19. Na4 g4 20. Bd4 Rg6 21. Nc3 Ne5 22. Bxe5 dxe5 23. Qe3 Rcg8 24. Be2 Nh5 25. fxg4 Bg5 26. Qxb6 Bxc1 27. Rxc1 Nf4 28. Bf3 h5 29. gxh5 Rg5 30. Nc5 Ba8 31. Qxb8 Rxb8 32. Nxa6 Rd8 33. Nc7 Nd3 34. Rb1 Nf2+ 35. Kg1 Nh3+ 36. Kf1 Nf4 37. c5 Rd3 38. Nxa8 Rxc3 39. b5 Rc2 40. g3 Nd3 41. Be2 Nxc5 42. b6 f5 43. a4 fxe4 44. b7 Rf5+ 45. Ke1 Nxb7 46. Rxb7 Ra2 47. Rb3 Rxa4 48. Nb6 Ra1+ 49. Kd2 Rf2 50. Ke3 Rxh2 51. Rb2 Ra3+ 52. Kxe4 Rxg3 53. Kxe5 Re3+ 54. Kf6 Rexe2 55. Rxe2 Rxe2 56. Nc4 Kh7 57. Ne5 Kh6 58. Kxe6 Kxh5 59. Kf5 1/2-1/2

[Event "EU-ch blitz"]
[Site "Tallinn"]
[Date "2016.12.18"]
[Round "24"]
[White "Putka, Verner"]
[Black "Halkias, Stelios"]
[Result "0-1"]
[WhiteElo "2307"]
[BlackElo "2585"]
[PlyCount "64"]
[EventDate "2016.12.17"]
[EventType "swiss (blitz)"]
[EventRounds "26"]
[EventCountry "EST"]
[SourceTitle "CBM 176 Extra"]
[Source "ChessBase"]
[SourceDate "2017.03.02"]
[SourceVersion "1"]
[SourceVersionDate "2017.03.02"]
[SourceQuality "1"]

1. d4 Nf6 2. Nf3 e6 3. g3 c5 4. Bg2 cxd4 5. 0-0 d5 6. Nxd4 e5 7. Nf3 Nc6 8. c4 d4 9. e3 Be7 10. exd4 exd4 11. Nbd2 0-0 12. Nb3 d3 13. Be3 Bg4 14. h3 Bh5 15. Rc1 Nb4 16. a3 Nc2 17. Bc5 Re8 18. Bxe7 Rxe7 19. Nc5 Nd4 20. Qxd3 Nxf3+ 21. Bxf3 Qxd3 22. Nxd3 Bxf3 23. Nf4 g5 24. Ng2 Bxg2 25. Kxg2 Re2 26. b4 Rd8 27. Rfd1 Rxd1 28. Rxd1 Rc2 29. c5 Kg7 30. Rd3 h5 31. Kf3 g4+ 32. hxg4 Nxg4 0-1

[Event "Keres Memorial rap 25th"]
[Site "Tallinn"]
[Date "2016.01.10"]
[Round "11"]
[White "Neiksans, Arturs"]
[Black "Putka, Verner"]
[Result "1-0"]
[WhiteElo "2607"]
[BlackElo "2307"]
[PlyCount "67"]
[EventDate "2016.01.08"]
[EventType "swiss (rapid)"]
[EventRounds "11"]
[EventCountry "EST"]
[SourceTitle "CBM 170 Extra"]
[Source "ChessBase"]
[SourceDate "2016.02.25"]
[SourceVersion "1"]
[SourceVersionDate "2016.02.25"]
[SourceQuality "1"]

1. d4 Nf6 2. c4 e6 3. Nf3 b6 4. g3 Ba6 5. b3 Bb4+ 6. Bd2 Be7 7. Nc3 d5 8. cxd5 exd5 9. Bg2 0-0 10. 0-0 c6 11. Ne5 Nfd7 12. f4 Nxe5 13. fxe5 Nd7 14. Rf2 Rc8 15. Bh3 Rc7 16. Bf4 Bg5 17. Rc1 Bxf4 18. gxf4 f5 19. Qc2 Rb7 20. Bxf5 Qh4 21. Rf3 g6 22. Be6+ Kg7 23. e3 Nxe5 24. dxe5 d4 25. exd4 Rxf4 26. Qf2 Qg5+ 27. Qg3 Rg4 28. Bxg4 Qxc1+ 29. Kg2 Rf7 30. Rxf7+ Kxf7 31. Qf2+ Kg7 32. h4 Qa3 33. Ne4 Bd3 34. Nd6 1-0

[Event "EU-ch rapid"]
[Site "Minsk"]
[Date "2015.12.20"]
[Round "11"]
[White "Vorontsov, Pavlo"]
[Black "Putka, Verner"]
[Result "1/2-1/2"]
[WhiteElo "2395"]
[BlackElo "2307"]
[PlyCount "99"]
[EventDate "2015.12.19"]
[EventType "swiss (rapid)"]
[EventRounds "11"]
[EventCountry "BLR"]
[SourceTitle "EXT 2017"]
[Source "ChessBase"]
[SourceDate "2016.10.25"]
[SourceVersion "1"]
[SourceVersionDate "2016.10.25"]
[SourceQuality "1"]

1. e4 e5 2. Nf3 Nf6 3. Nxe5 d6 4. Nf3 Nxe4 5. Nc3 Nxc3 6. dxc3 Be7 7. Be3 Nc6 8. Qd2 Be6 9. 0-0-0 Qd7 10. Kb1 0-0-0 11. Nd4 a6 12. Nxe6 fxe6 13. f4 Bf6 14. g3 Kb8 15. Bh3 Qf7 16. Rhe1 Rhe8 17. Bg2 d5 18. Bg1 Rd6 19. Bc5 Rd7 20. c4 Qh5 21. Qe2 Qxh2 22. cxd5 Red8 23. Rd3 Rxd5 24. Bxd5 Qxe2 25. Rxe2 exd5 26. g4 h6 27. c3 b6 28. Bf2 Kb7 29. Kc2 Rd7 30. Red2 Ne7 31. Bd4 Bxd4 32. Rxd4 Rd6 33. Re2 Nc6 34. Rd1 d4 35. f5 Rd5 36. Re4 h5 37. Rf1 hxg4 38. Rxg4 dxc3 39. bxc3 Ne7 40. Rgf4 Re5 41. R4f2 Kc6 42. f6 gxf6 43. Rxf6+ Kb7 44. Rf7 Nc6 45. R1f5 Re2+ 46. Kb1 Re3 47. Kc2 Re2+ 48. Kb1 Re3 49. Kc2 Re2+ 50. Kb1 1/2-1/2